Statistics for Steelers College Teams

Click here to take the quiz!

General Stats

  • This quiz has been taken 175 times
    (61 since last reset)
  • The average score is 30 of 56

Answer Stats

PlayerCollege Team% Correct
George PickensGeorgia
90%
Hines WardGeorgia
90%
Kenny PickettPittsburgh
90%
Jack HamPenn State
88%
Jeff HartingsPenn State
88%
Pat FreiermuthPenn State
88%
Joey Porter, Jr.Penn State
88%
TJ WattWisconsin
88%
Mike WebsterWisconsin
88%
Minkah FitzpatrickAlabama
86%
Najee HarrisAlabama
86%
LaMarr WoodleyMichigan
84%
Troy PolamaluUSC
84%
JuJu Smith-SchusterUSC
84%
Lynn SwannUSC
84%
Santonio HolmesOhio State
82%
Cam HeywardOhio State
82%
Maurkice PounceyFlorida
78%
Joe HadenFlorida
78%
Ben RoethlisbergerMiami (Ohio)
76%
Le'Veon BellMichigan State
73%
Limas SweedTexas
69%
Casey HamptonTexas
69%
Mitch TrubiskyNorth Carolina
67%
Willie ParkerNorth Carolina
67%
Ryan ClarkLSU
63%
Rocky BleierNotre Dame
57%
Jerome BettisNotre Dame
57%
Diontae JohnsonToledo
57%
Lawrence TimmonsFlorida State
55%
Antonio BrownCentral Michigan
51%
Kordell StewartColorado
49%
David DeCastroStanford
41%
Ramon FosterTennessee
39%
Jack LambertKent State
37%
James HarrisonKent State
37%
Heath MillerVirginia
37%
James FarriorVirginia
37%
Terry BradshawLouisiana Tech
35%
Alex HighsmithCharlotte
33%
Mike WallaceOle Miss
31%
Chris BoswellRice
31%
Rashard MendenhallIllinois
29%
Neil O'DonnellMaryland
29%
Brett KeiselBYU
27%
Dermontti DawsonKentucky
20%
Rod WoodsonPurdue
18%
Marvel SmithArizona State
16%
Joey PorterColorado State
16%
Devlin HodgesSamford
12%
Emmanuel SandersSMU
8%
John StallworthAlabama A&M
6%
Joe GreeneNorth Texas State
6%
Louis LippsSouthern Miss
4%
Aaron SmithNorthern Colorado
2%
Nate WashingtonTiffin
0%

Score Distribution

Percentile by Number Answered

Percent of People with Each Score

Your Score History

You have not taken this quiz since the last reset